000 00631nam a2200241Ia 4500
003 OSt
005 20220924131751.0
006 a|||||r|||| 00| 0
007 ta
008 220923b |||||||| |||| 00| 0 san d
024 _a52185
037 _cTextual
040 _aARTS
_cARTS
_bsan
041 _2san
_asan
082 _aP15v, 15L8
100 _aVyasa Girdhar LaL
_9202821
245 0 _aBhassa vigyanasya ruparekha
260 _aVdauapuram
_bVyasabandhu
_c1968
300 _a127p.
_ccm.
650 _aLINGUISTICS
942 _hP15v, 15L8
_cTEXL
_2CC
999 _c428135
_d428135